Handle with care (Record no. 74429)

MARC details
000 -LEADER
fixed length control field 01516cab a2200253 4500
001 - CONTROL NUMBER
control field ABS67959
008 - FIXED-LENGTH DATA ELEMENTS--GENERAL INFORMATION
fixed length control field 040621n2004 000 0 eng u
035 ## - SYSTEM CONTROL NUMBER
System control number (Sirsi) u126526
100 ## - MAIN ENTRY--PERSONAL NAME
Personal name McNae, J.
245 ## - TITLE STATEMENT
Title Handle with care
260 ## - PUBLICATION, DISTRIBUTION, ETC.
Date of publication, distribution, etc. 2004
490 ## - SERIES STATEMENT
Series statement Estates Gazette
Volume/sequential designation (0421) 22 May 2004, 145(1)
520 ## - SUMMARY, ETC.
Summary, etc. Advises property owners on how to deal with squatters. Recommends seeking an eviction order under Civil Procedure Rules Part 55 to get short-term squatters removed and never to remove squatters forcibly as that might to lead to the criminal conviction of the property owner. Long-term squatters may be removed in the same way but a dilatory property owner may face the risk of losing his property. Squatters can apply to the courts to be recognised as owners of property (as adverse possessors) and displace the paper title owner if they can prove that they have occupied the property for 12 years without the owner's consent. However since the Land Registration Act 2002 came into force on 13 October 2003, the law in respect of registered land has shifted back in favour of title owners, who will be warned of any impending squatter's claim and will be able to object to it.
590 ## - LOCAL NOTE (RLIN)
Local note ABS
650 ## - SUBJECT ADDED ENTRY--TOPICAL TERM
Topical term or geographic name entry element SQUATTERS RIGHTS
650 ## - SUBJECT ADDED ENTRY--TOPICAL TERM
Topical term or geographic name entry element LAND REGISTRATION ACT 2002
650 ## - SUBJECT ADDED ENTRY--TOPICAL TERM
Topical term or geographic name entry element PROTECTION FROM EVICTION ACT 1977
650 ## - SUBJECT ADDED ENTRY--TOPICAL TERM
Topical term or geographic name entry element CIVIL PROCEDURE RULES PART 55
650 ## - SUBJECT ADDED ENTRY--TOPICAL TERM
Topical term or geographic name entry element REGISTERED TITLE
650 ## - SUBJECT ADDED ENTRY--TOPICAL TERM
Topical term or geographic name entry element SQUATTERS
650 ## - SUBJECT ADDED ENTRY--TOPICAL TERM
Topical term or geographic name entry element TRESPASSERS
690 ## - LOCAL SUBJECT ADDED ENTRY--TOPICAL TERM (OCLC, RLIN)
Topical term or geographic name as entry element PROPERTY
942 ## - ADDED ENTRY ELEMENTS (KOHA)
Suppress in OPAC 0
Holdings
Withdrawn status Lost status Source of classification or shelving scheme Damaged status Not for loan Home library Current library Shelving location Date acquired Total Checkouts Full call number Barcode Date last seen Copy number Price effective from Koha item type
    Dewey Decimal Classification     London London Journal article 21/06/2004   ABS67959 126526-1001 06/08/2019 1 06/08/2019 Journal article